000
00305nam a22001337a 4500
008
181019b xxu||||| |||| 00| 0 eng d
020
_a
9780071807371
041
_a
eng
080
_2
2nd
_a
371
100
_a
46
101
_a
EDU
245
_a
English Grammar for ESL Learners
_c
Swick,E
942
_2
udc
_c
BK
999
_c
50260
_d
50260